• 首页
  • 本馆介绍
  • 公告通知
  • 最新文献
  • 馆藏检索
  • 电子资源
  • 读者导购
  • 参考咨询
  • 我的图书馆
  • 登录
  • 详细信息显示
  • 放入我的书架
  • 预约/预借图书
  • 作者相关作品
  • 分类相关作品
  • 丛书相关作品
  • 出版社相关作品

书目信息

  • 表格格式
  • 工作单格式
  • 卡片格式
题名:
电子系统噪声抑制技术
    
 
作者: 亨利 , Henry 著 ;铁道部北京二七通信工厂科研所翻译组 译
分册:  
出版信息: 北京   人民铁道出版社  1978
页数: 292页
开本: 19cm
丛书名:
单 册:
中图分类: TN850.5
科图分类:
主题词: 噪声控制-电子系统 , 电子系统-噪声控制
电子资源:
ISBN:
000 00991nam0 2200277 45
001 0178002037
005 20060722153606.50
010    @dCNY0.77
091    @aCN@b15043.4040
100    @a19950728d1978 em y0chiy0121 ea
101 1  @achi@ceng
102    @aCN@b110000
105    @ay z 000yy
200 10 @a电子系统噪声抑制技术@Adian zi xi tong zao sheng yi zhi ji shu@f(美)亨 利(W.O.Henry)著@g铁道部北京二七通信工厂科研所翻译组译
210    @a北京@c人民铁道出版社@d1978
215    @a292页@d19cm
300    @a书名原文:Noise reduction technignes in electronic systems
510 1  @aNoise reduction technignes in electronic systems@zeng
606    @a噪声控制-电子系统
606    @a电子系统-噪声控制
690    @aTN850.5@v3 
701  1 @a亨利@Aheng li@bW.O.Henry@4著
701 A1 @aHenry@bW.O.@4著
712 02 @a铁道部北京二七通信工厂科研所翻译组@Atie dao bu bei jing er qi tong xin gong chang ke yan suo fan yi zu@4译
801  0 @aCN@bTSSF@c20060722
905    @a10447@dTN850.5@e56
    
    电子系统噪声抑制技术/(美)亨 利(W.O.Henry)著/铁道部北京二七通信工厂科研所翻译组译.-北京:人民铁道出版社,1978
    292页;19cm
    书名原文:Noise reduction technignes in electronic systems
    
    ISBN :CNY0.77
    
●
相关链接 在E读中查询图书 在五车中查询图书 在当当中查询图书 在豆瓣中查询图书


正题名:电子系统噪声抑制技术     索取号:TN850.5/56         预约/预借

序号 登录号 条形码 馆藏地/架位号 状态 备注
1 0438121   204381212   密集书库/ [索取号:TN850.5/56] 在馆    
唐山师范学院图书馆 欢迎您!
大连网信软件有限公司© 版权所有